000
00314nam a22001337a 4500
008
181024b xxu||||| |||| 00| 0 eng d
020
_a
9780767407595
041
_a
eng
080
_a
316
100
_a
50
101
_a
SOC
245
_a
The practical Skeptic Readings in Sociology
_c
Intyre,L.J
942
_2
udc
_c
BK
999
_c
50800
_d
50800